La educación sexual / (Record no. 74055)

MARC details
000 -LEADER
campo de control de longitud fija 00534nam a2200181 i 4500
001 - NÚMERO DE CONTROL
campo de control 74055
003 - IDENTIFICADOR DE NÚMERO DE CONTROL
campo de control ES-MaACL
005 - FECHA Y HORA DE LA ÚLTIMA TRANSACCIÓN
campo de control 20250829063115.0
007 - CAMPO FIJO DE DESCRIPCIÓN FÍSICA--INFORMACIÓN GENERAL
campo de control de longitud fija t|
008 - DATOS DE LONGITUD FIJA--INFORMACIÓN GENERAL
campo de control de longitud fija 040915s1910 sp ||||1| spa d
100 1# - ENTRADA PRINCIPAL--NOMBRE DE PERSONA
Nombre de persona González Carreño, Genaro
9 (RLIN) 58492
245 13 - MENCIÓN DEL TÍTULO
Título La educación sexual /
Mención de responsabilidad, etc. por Genaro González Carreño.
260 ## - PUBLICACIÓN, DISTRIBUCIÓN, ETC.
Lugar de publicación, distribución, etc. Madrid :
Nombre del editor, distribuidor, etc. [s.n.],
Fecha de publicación, distribución, etc. 1910 (
Fabricante Imp. Ibérica)
300 ## - DESCRIPCIÓN FÍSICA
Extensión XV, 429 p. ;
Dimensiones 20 cm.
650 #7 - PUNTO DE ACCESO ADICIONAL DE MATERIA--TÉRMINO DE MATERIA
Término de materia o nombre geográfico como elemento de entrada Educación sexual
Fuente del encabezamiento o término embne
9 (RLIN) 12121
852 ## - LOCALIZACIÓN
Ubicación ES-MaACL
Número de control de estantería B-11718
Holdings
Estatus retirado Estado de pérdida Estado de daño No para préstamo Biblioteca de origen Biblioteca actual Ubicación en estantería Fecha de adquisición Fuente de adquisición Total de préstamos Signatura topográfica completa Código de barras Visto por última vez Precio de reemplazo Tipo de ítem Koha
        Biblioteca del Ateneo de Madrid Biblioteca del Ateneo de Madrid Sala Pardo Bazán 17/01/2008     B-11718 1077515 23/02/2023 23/02/2023 Libro impreso